Capitals of Asia - Statistics

General Stats
  • This quiz has been taken 28 times
    24 since last reset
  • The average score is 41 of 49
Answer Stats
Country Capital % Correct
Azerbaijan Baku
100%
Afghanistan Kabul
100%
Vietnam Hanoi
93%
Pakistan Islamabad
93%
Indonesia Jakarta
93%
Israel Jerusalem
93%
Kuwait Kuwait City
93%
Philippines Manila
93%
India New Delhi
93%
North Korea Pyongyang
93%
South Korea Seoul
93%
Singapore Singapore
93%
Taiwan Taipei
93%
Iran Tehran
93%
Japan Tokyo
93%
Turkey Ankara
86%
Kazakhstan Astana
86%
Iraq Baghdad
86%
Thailand Bangkok
86%
China Beijing
86%
Lebanon Beirut
86%
Kyrgyzstan Bishkek
86%
Syria Damascus
86%
Bangladesh Dhaka
86%
Qatar Doha
86%
Malaysia Kuala Lumpur
86%
Cyprus Nicosia
86%
Saudi Arabia Riyadh
86%
Yemen Sana'a
86%
Sri Lanka Sri Jayawardenepura Kotte
86%
Georgia Tbilisi
86%
Mongolia Ulaanbaatar
86%
Armenia Yerevan
86%
Jordan Amman
79%
Turkmenistan Ashgabat
79%
Brunei Bandar Seri Begawan
79%
Timor Leste Dili
79%
Nepal Kathmandu
79%
Oman Muscat
79%
Cambodia Phnom Penh
79%
Uzbekistan Tashkent
79%
United Arab Emirates Abu Dhabi
71%
Maldives Male
71%
Bahrain Manama
71%
Laos Vientiane
71%
Tajikistan Dushanbe
64%
Myanmar Naypyidaw
64%
Bhutan Thimphu
64%
Palestine East Jerusalem
21%
No matching quizzes found
Score Distribution
Percent of People with Each Score
Percentile by Number Answered
Your Score History
You have not taken this quiz since the last reset